00700nam a2200181 a 45000010005000000030005000050050017000100080041000270400020000682450103000882600083001913000019002746500027002936500036003206500065003567100051004217100046004724570CDMR20151016134802.0130130s1993||||||||||||||||||||||||||||d aCDMRbcatcCDMR 0aForo de periodistas latinoamericanos y del Caribe sobre derechos humanosb: 16 y 17 de enero, 1993 aSan José (Costa Rica)c1993bSindicato Nacional de Periodistas de Costa Rica a100 p ;c27 cm04aPeriodismexCongressos04aDrets humanszAmèrica Llatina04aAssociacions de professionals i tècnicszAmèrica Llatina2 aSindicato Nacional de Periodistas (Costa Rica)2 aInternational Organisation of Journalists